000 00304nam a22001337a 4500
008 170911b xxu||||| |||| 00| 0 eng d
020 _a9780521654883
041 _aeng
080 _a52
100 _a42
101 _aAST
245 _aPERILS OF A RESTKESS PLANET
_cZEBROWSKI.E
942 _2udc
_cBK
999 _c27069
_d27069